Statistics for Top 15 Countries with Covid-19 Cases - 3 Feb 2021

Click here to take the quiz!

General Stats

  • This quiz has been taken 9 times
  • The average score is 19 of 28

Answer Stats

country% Correct
Brazil
100%
France
100%
Germany
100%
India
100%
Portugal
100%
Spain
100%
United Kingdom
100%
United States
100%
Argentina
89%
Italy
89%
Mexico
89%
Russia
89%
Sweden
89%
Belgium
78%
Netherlands
78%
Turkey
78%
Colombia
67%
Poland
67%
South Africa
56%
Switzerland
56%
Czechia
44%
Croatia
33%
Lithuania
33%
Slovenia
33%
Israel
22%
Bahrain
11%
Georgia
11%
Panama
11%

Score Distribution

Percentile by Number Answered

Percent of People with Each Score

Your Score History

You have not taken this quiz